[Event "Turnier 40 / 120"]
[Site "Wien"]
[Date "2023.02.26"]
[Round "8"]
[White "MCGE ARM CORTEX M7 - 300 MHZ"]
[Black "Mephisto Phönix - Tasc R40 V 2.5 Aktiv - 40 MHZ"]
[Result "0-1"]
[BlackElo "2401"]
[WhiteElo "2405"]

{Analyse ----> Komodo 13.02.} 1. c4 c6 2. Nf3 d5 3. d4 Nf6 4. Nc3 dxc4 5.
e4 b5 {Buchende} 6. Be2 {Buchende} b4 {Buchbewertung Tasc R40 V 2.5: -0,43}
7. e5 {Buchbewertung MCGE: -0,12 / gleich der 1. berechnete Zug ist nicht
ideal deutlich vorzuziehen war Sa4 mit leichtem Vorteil für Weiss mit ca.
+0,30, nach dem Textzug steht Schwarz etwas besser lt. Komodo mit ca. +0,50
(der Textzug büsst also ca. 0,8 Bauerneinheiten ein)} bxc3 8. exf6 cxb2 9.
fxg7??? {ein Verlustzug, danach ist die Partie praktisch schon verloren,
nötig war Lxb2 mit ca. -0,50 aus der Sicht von Weiss, Komodo -2,00 !! mit
der Fortsetzung bxa1D} bxa1=Q! {Tasc R40 macht den richtigen Zug, erkennt
aber noch keinen Vorteil, Bewertung sogar leicht negativ: -0,30} 10. gxh8=Q
Qa5+! 11. Kf1 {auch MCGE sieht es ausgeglichen: +0,03 / in Wahrheit ist die
Stellung bereits klar verloren für Weiss, Komodo -2,30} Q5c3! {alles
richtig beim Tasc R40, sieht aber immer noch keinen Vorteil: -0,17} 12. Bh6
{MCGE: -0,12} Nd7 {Tasc R40: +0,33} 13. Qxh7??? {MCGE: -0,62, ein
Katastrophenzug, der alle Hoffnung von Weiss begräbt, danach ist alles aus,
Komodo -5,00, mehr Widerstand leistet noch g3 mit ca. -2,30} Bxh6 {Tast
R40: +0,49} 14. Qxh6 {MCGE: -0,68 / Komodo -5,00, den Rest braucht man
nicht mehr zu kommentieren, das spielt sich praktisch von selbst, nur falls
sich noch etwas gravierendes daran ändert werde ich das noch kommentieren,
sonst beende ich hier die Kommentare, macht keinen Sinn mehr an dieser
Stelle} Rb8 15. Qxc6 Kd8 16. Ng5 Qxd4 {Rest geschenkt / eine
Katastrophenpartie von MCGE 300 MHZ !!!} 0-1
[/pgn]
[pgn]

[Event "Turnier 40 / 120"]
[Site "Wien"]
[Date "2023.02.26"]
[Round "9"]
[White "Mephisto Phönix - Tasc R40 V 2.5 Aktiv - 40 MHZ"]
[Black "MCGE ARM CORTEX M7 - 300 MHZ"]
[Result "0-1"]
[BlackElo "2405"]
[WhiteElo "2401"]

{Analyse -----> Komodo 13.02.} 1. b3 e5 2. Bb2 Nc6 3. e3 Nf6 4. Bb5 Bd6 5.
Na3 {Buchende} e4 6. Nc4 {Buchbewertung Tasc R40 V 2.5: -0,29} Be7
{Buchende} 7. d3 O-O {Buchbewertung MCGE: +0,06 / lt. Komodo ist die
Stellung ausgeglichen} 8. dxe4 Nxe4 9. Ne2 Bb4+ 10. c3 Qf6 11. O-O Nxc3 12.
Bxc3 Bxc3 13. Rc1 Bb4 14. Nf4 Bc5 15. Qd5 Be7 16. Qh5? {ein schwacher Zug,
danach steht Schwarz klar besser, Komodo +1,00 mit der Fortsetzung Dg5,
deutlich besser ist Dd2 und Schwarz ist trotz des Mehrbauern nur mit ca.
+0,40 im Vorteil} g6 {schwächer als Dg5, Komodo +0,70} 17. Qd1 Qg5 18. Nd5
Bd8 19. f4 Qf5 {besser ist Dh6, nach dem Textzug ist Schwarz nur noch
hauchdünn im Vorteil mit ca. +0,20} 20. Qf3? {ein schwacher Zug, danach ist
Schwarz wieder klar im Vorteil, Komodo -1,20 mit der Fortsetzung De6,
deutlich besser ist Sa3} a6 {klar schwächer als De6, Komodo +0,70} 21. e4
Qe6?? {ein ganz schlechter Zug, der die Vorzeichen bereits umkehrt, danach
steht Weiss bereits etwas besser, Komodo -0,30 (büsst eine ganze
Bauerneinheit ein), die Dame muss nach h5} 22. f5! Qe8 23. Bxc6 dxc6 24.
Nf4 {etwas besser ist Sde3, die Stellung ist im Lot, Komodo 0,00} Bf6 25.
Ne2 Qe7 26. Rcd1 Kh8 27. Ng3 Kg7 28. Kh1 Kg8?? {ein ganz schlechter Zug,
danach steht Schwarz bereits auf verlorenem Posten, Komodo -1,50 mit der
Fortsetzung e5, nötig war Lg5 mit Ausgleich} 29. e5! {Tasc R40 ergreift
sofort die Chance.} Bg5 {etwas mehr Widerstand leistet noch Lxe5, aber auch
danach steht Schwarz schon ganz schlecht mit -1,50, nach dem Textzug ist
die Partie bereits klar verloren, Komodo -2,00, für diesen Zug nimmt sich
MCGE ganze 18 Minuten !! Bedenkzeit und bewertet das dann noch mit +0,79,
eigentlich unfassbar schwach} 30. f6! {beim Tasc R40 sitzt jeder Zug,
obwohl er selbst hier noch keinen grossen Vorteil erkennt, nur +0,20}
Qb4??? {MCGE hat einfach keine Ahnung von dieser Partie und ist hier mit
wahrer Blindheit geschlagen, ein grottenschlechter Zug, den er noch mit
+0,95 ??? bewertet, danach ist alles vorbei, Komodo -3,20, deutlich besser
ist not De6, Tasc R40 hatte den richtigen Zug vorgeschlagen.} 31. Ne4!
{alles richtig, Tasc R40: +0,94} Bh6 {man fasst es einfach nicht: MCGE:
+1,01 ????} 32. a3! {passt alles} Qb5 33. Qg3! {der Tasc R40 spielt einfach
perfekt, neuerlich der beste Zug !!} Re8 34. Rd3??? {aber jetzt verpatzt
sich Tasc R40 V 2.5 alles, der Textzug ist um ganze 4 Bauerneinheiten !!!
schlechter als der sofortige Gewinnzug Sg5, unglaublich aber das verschenkt
auf einen Schlag den gesamten Vorteil, Komodo 0,00 !!} Be6 35. Qh4 Bf8 36.
Ng5? {Tg3 !! gefolgt von h6, Txg6 !! hätte das Remis gesichert, nach dem
Textzug steht Schwarz bereits besser, Komodo -0,80} h6 37. Nxe6 Rxe6 38.
Rfd1 a5? {auch nicht gerade das Gelbe vom Ei, verspielt den gesamten
Vorteil, die Stellung ist wieder im Lot, Komodo 0,00, deutlich besser ist
c5} 39. a4??? {und nun verpatzt sich der Tasc R40 V 2.5 auch noch das
Remis, nach dem Textzug ist die Parie verloren, Komodo -2,20 mit der
Fortsetzung Dc5, den Augleich hätte h3 gebracht} Qb4 {etwas schwächer als
Dc5, aber auch nach dem Textzug steht Schwarz klar auf Gewinn, Komodo
+1,70} 40. Qg3 b5 41. axb5? {ein schlechter Zug, der die Lage noch
verschlimmert, büsst 1,5 Bauerneinheiten ! ein, Komodo -3,00, deutlich
besser ist Sd2} cxb5 42. Nd2 a4 43. Qe3 axb3? {weit schwächer als a3,
verspielt eine ganze Bauerneinheit, Komodo +2,00} 44. Nxb3? {aber leider
völlig falsch, danach ist wohl das Schicksal besiegelt, Komodo -4,00, nötig
ist natürlich Txb3} Rae8 45. Rd8 Qg4 46. R1d5? {ist hier schon egal, aber
deutlich mehr Widerstand leistet noch h3, Komodo -6,00} Rxf6? {ein
schlechter Zug, der ganze 2 Bauerneinheiten !! einbüsst, aber Schwarz kann
es sich hier schon leisten, Komodo +4,00, deutlich besser ist Txe5} 47. Kg1
Qc4 48. Qc1 Qxc1+? {ein schlechter Zug, deutlich besser ist Txd8 mit ca.
+4,00, aber der Textzug ist nicht unverständlich Schwarz vereinfacht die
Stellung und tauscht einfach ab, es bleiben ihm dann 2 Mehrbauern, die noch
dazu geschlossene Freibauern sind, das sollte klar gewonnen sein an dieser
Stelle, Komodo +3,00} 49. Nxc1 Rxd8 50. Rxd8 Rc6 51. Nb3 {besser ist noch
Sd3, rettet aber Weiss auch nicht mehr} b4 52. Kf2 Rc2+ 53. Nd2 Kg7 54. Ke2
Be7 55. Kd1 Rc5 56. Rc8 Bg5 57. Nf3 Be3 58. Rb8 Rc1+ 59. Ke2 Bb6 60. Nd2
Rc3 61. Rd8 Re3+ 62. Kd1 Rxe5 {Rest geschenkt / eine wahrlich unnötige
Niederlage für Tasc R40 V 2.5} 0-1
[/pgn]
[pgn]

[Event "Turnier 40 / 120"]
[Site "Wien"]
[Date "13.4.2021"]
[Round "10"]
[White "MCGE ARM CORTEX M7 - 300 MHZ"]
[Black "Mephisto Phönix - Tasc R 40 V 2.5 Aktiv - 40 MHZ"]
[Result "1-0"]
[BlackElo "2401"]
[WhiteElo "2405"]

{Analyse ----> Komodo 13.02.} 1. d4 d5 2. Nf3 Nf6 {Buchende / diese
Eröffnung gab es auch gegen Tasc R30 V 2.5} 3. e3 c5 {Buchbewertung Tasc
R40 V 2.5: -0,25, Tasc R40 spielt gleich im 1. berechneten Zug etwas
anderes als Tasc R30, der zog damals 3. e6} 4. Nbd2 e6 5. Bd3 {Buchende} c4
6. Be2 {Buchbewertung MCGE: -0,12 / lt. Komodo ist die Stellung etwa
gleich} Be7 7. b3 c3 8. Nb1 Qa5 9. Ne5? {ein schwacher Zug, danach steht
Schwarz bereits klar besser, er hat die Möglichkeit seinen C-Bauern
einzuzementieren mit dem Vorstoss b5 kann der B-Bauer zur Hilfe kommen und
Weiss erheblich bei der Entwicklung behindern, deutlich besser ist Dd3
sogar mit leichtem Vorteil für Weiss, Komodo -0,80, der Textzug büsst also
eine ganze Bauerneinheit ein} Nbd7? {auch nicht gerade das Gelbe vom Ei,
nach dem Textzug ist die Stellung wieder im Lot} 10. Qd3 Bb4 11. Qb5 Qxb5
12. Bxb5 O-O 13. a3 Bd6? {ein schwacher Zug, danach steht Weiss klar
besser, Komodo +1,20 mit der Fortsetzung f4, deutlich besser ist La5 mit
Ausgleich} 14. f4! {MCGE: +0,81 / stark} a6 15. Bd3 b5 16. Nxc3 Bb7 17. Bd2
Rfd8 18. O-O Rac8 19. Ne2 Ne4 {besser ist Sb8, nach dem Textzug ist Weiss
bereits klar im Vorteil, Komodo +1,60 mit der Fortsetzung La5} 20. Ba5 Bc7
21. Bxc7 Rxc7 22. Nxd7 Rdxd7 23. a4 b4 {alles andere als ideal, deutlich
besser ist noch Sd6, nach dem Textzug ist die Partie bereits verloren,
Komodo -2,50} 24. a5 Rd8 25. Ra4 Nc3 26. Nxc3 bxc3 27. Rb4 Ra8 28. Rb6 h6
29. Rf3 Ra7 30. Rg3 g6 31. Bxg6? {ein ganz schlechter Zug, der den Vorteil
von Weiss halbiert, Komodo +1,30, deutlich stärker ist f5 mit +2,60} fxg6
32. Rxg6+ Rg7??? {ein Verlustzug, der den Nachteil von Schwarz mehr als
verdoppelt, danach ist die Partie schlicht und ergreifend verloren, Komodo
-3,50, nötig war Kf8} 33. Rgxe6 Ra8 34. Kf2 h5 35. Rh6 Re8 36. Rxh5 Rf8 37.
g4 {MCGE: +3,29 / Komodo +5,50} Re8 {Tasc R40: -1,70, ist noch viel zu
optimistisch} 38. Re5 Rf8 39. h4 Bc8 40. g5 Bf5 41. Rxd5? {besser ist Tc6,
allerdings meine ich diese Bauernfront ist einfach nicht mehr aufzuhalten}
Rc7 42. Rxf5 Rxf5 43. b4 Rb5 44. Rxb5 {MCGE: +4,23 / Komodo +14,00} axb5
{Tasc R40 hat wohl etwas zu tief ins Glas geschaut: Bewertung: -0,57 ???}
45. h5 {MCGE: +4,65} Rc4 {Tasc R40 V 2.5: -0,35 ???} 46. d5 {MCGE: +4,87}
Rxb4 {also, dass Turmendspiele die grosse Schwäche des Tasc sind, ist ja
schon hinreichend bekannt, die hier gezeigten Bewertungen sind aber ehrlich
gesagt einfach nur noch grotesk, da zieht es einem die Schuhe aus:
BEWERTUNG: +0,18 !!!!} 47. d6 {MCGE: +6,21} Rb2 {Tasc R40: +0,24 !!} 48. a6
Rxc2+ {man hätte es schon viel früher beenden können, der einzige Grund,
warum ich es noch fortführte war, dass ich wissen wollte, wann beim Tasc
R40 endlich der Groschen fällt, hier ist es jetzt so weit: Bewertung: -6,81
/ Userentscheid: 1-0} 1-0
[/pgn]
[pgn]

[Event "Turnier 40 / 120"]
[Site "Wien"]
[Date "2023.02.27"]
[Round "11"]
[White "Mephisto Phönix - Tasc R40 V 2.5 Aktiv - 40 MHZ"]
[Black "MCGE ARM CORTEX M7 - 300 MHZ"]
[Result "1-0"]
[BlackElo "2405"]
[WhiteElo "2401"]

{Analyse ----> Komodo 13.02.} 1. d4 {Buchende, unglaublich Tasc R40 fliegt
schon wieder nach dem 1. Zug aus dem Buch, also da kann man sich nur noch
wundern} c6 2. Bf4 {Buchbewertung Tasc R40 V 2.5: +0,48} Nf6 {Buchende,
MCGE folgt ihm gleich nach im 2. Zug} 3. Nd2 d5 {Buchbewertung MCGE: -0,20,
lt. Komodo steht Weiss eine Nuance besser mit ca. +0,20} 4. e3 Bf5 5. Bd3
Bxd3 6. cxd3 Nbd7 7. Qb3 Qb6 8. Ngf3 e6 9. O-O Be7 10. Rfc1 O-O 11. h3 Nh5
12. Bh2 f5 13. Qxb6 axb6 14. g4 fxg4 15. hxg4 Nhf6 16. g5 Nh5 17. a3 Rf5
18. e4 Rf7 19. Re1 Re8 20. exd5 {die Stellung ist im Lot, Komodo 0,00} exd5
21. Re3 Nf8 22. Rae1 Ng6 23. Ne5 Nxe5 24. Rxe5 Kf8 25. R5e3 Nf4 26. Nf3 Ng6
27. Bc7 b5 28. Bd6 Ra8 29. Bxe7+ Rxe7 30. Ne5 Nh8??? {also man sagt ja
Springer am Rand is a Schand, aber im Eck, das ist ja wohl das letzte,
dieser induskutable Zug verliert praktisch schon die Partie, Komodo -1,80
mit der mehr als logischen Fortsetzung g6, die der MCGE völlig übersieht,
er rechnet mit der schwachen Fortsetzung f4 ??, also ich muss sagen das ist
einfach letztklassig, da kann man nur hoffen, dass dies bestraft wird,
einfach GROTTENSCHLECHT, nach diesem Zug hätte ich wirklich gute Lust und
würde den Stecker ziehen und hier eine Strafwertung zu Gunsten von Weiss
vornehmen.} 31. g6! {na sonnenklar und wie soll der Springer jetzt noch aus
dem Eck kommen ?? einfach hirnrissig, nach h6 folgt natürlich f4, f5 usw.
und der Springer kommt nie wieder ins Spiel !!!, die Partie ist verloren
!!!} h6? {MCGE: +0,62 ??? also da fehlen einem echt die Worte, und auch das
ist nochmals grottenschlecht, besser ist noch Tc7, nach dem Textzug ist
bereits klar, der Springer wird nie wieder ins Spiel eingreifen, Komodo
-2,50} 32. f4! {natürlich und das war es bereits} Kg8 33. f5! {ein
Selbstläufer, und was nun ?, für den Rest der Partie erspare ich mir die
weitere Kommentierung, es sei denn der R40 vergurkt das noch irgendwie,
nach so einem Zug bleiben einem einfach die Worte weg !!!} Rf8 34. Rf3 Ree8
35. Kg2 Rd8 36. Rff1 Rd6 37. Ng4? {ein ganz schlechter Zug, der den Vorteil
von Weiss halbiert, hier könnte Schwarz noch mit Sxg6 2 Bauern für den
kümmerlichen Springer bekommen, natürlich verliert auch das, Komodo -2,50,
andere Fortsetzungen bewertet aber Komodo bereits mit +4,50, aber natürlich
wird MCGE NICHT Sxg6 spielen, das ist auch sonnenklar} Rd7?? 38. Re6 Rc7
39. Ne5 Ra8 40. Kg3 Rd8 41. f6 gxf6 42. Rexf6??? {ein schlechter Zug, der
ganze 2 Bauerneinheiten !! einbüsst, dennoch gewinnt auch das noch leicht,
Komodo +3,00, T1xf6 hätte Komodo bereits mit +5,00 bewertet} Kg7 43. Kg4
Ra8 44. Kh5 Re8 45. Rd6 Rce7??? {um ganze 2 Bauerneinheiten schlechter als
c5, Komodo -5,00} 46. Ng4 Re2 47. Nxh6 Rh2+ 48. Kg5 Rg2+ 49. Ng4 Re7 50.
Kf5 Rxg4 51. Kxg4 {Rest geschenkt / eine indiskutable Leistung von MCGE,
die einem Gerät dieser Kategorie einfach unwürdig ist, wurde man muss sagen
in diesem Fall, Gott sei Dank folgerichtig bestraft.} 1-0
[/pgn]
[pgn]

[Event "Turnier 40 / 120"]
[Site "Wien"]
[Date "2023.02.27"]
[Round "12"]
[White "MCGE ARM CORTEX M7 - 300 MHZ"]
[Black "Mephisto Phönix - Tasc R40 V 2.5 Aktiv - 40 MHZ"]
[Result "1/2-1/2"]
[BlackElo "2401"]
[WhiteElo "2405"]

{Analyse ----> Komodo 13.02.} 1. e4 c6 2. d4 d5 3. e5 Bf5 4. c4 e6 5. Nc3
dxc4 6. Bxc4 Nd7 7. Nge2 Ne7 8. O-O Nb6 {Buchende} 9. Bb3 {Buchende} h6
{Buchbewertung Tasc R40 V 2.5: -0,69} 10. Ng3 {Buchbewertung MCGE: +0,25 /
lt. Komodo steht Weiss knapp besser mit ca. +0,40} Bg6 11. Be3 Ned5 12. Qf3
Be7 13. Nxd5 Nxd5 14. Rac1 O-O 15. Ne4 f6 16. Rfe1 fxe5 17. Qg3 Kh7 18.
Qxe5 Qb8 19. Qxb8 Raxb8 20. Nc5 Bxc5 21. dxc5 e5 22. Bd2 e4 23. h3 Rbd8 24.
Rcd1 b6 {nicht ideal besser ist Lh5, Komodo -0,70} 25. cxb6 axb6 26. a3 Kh8
27. Bc1 Rfe8 28. Rd4 Kh7 29. Bd2 Kh8?? {also das ist einfach planlos,
danach steht Weiss bereits klar besser, Komodo -1,30 mit der Fortsetzung
Lxd5, deutlich besser ist e3, mit ca. -0,70, Lxd5 ist aber auch alles
andere als selbstverständlich danach sind ungleiche Läufer am Brett, also
dass Weiss da so klar besser steht muss man auch erst mal abzuckern, aber
es wird wohl stimmen, auch Stockfish 15 sieht es so und der bewertet das
bereits mit über +2,00} 30. Rc1 {schwächer als Lxd5, Weiss bleibt aber im
Vorteil mit ca. +0,80} Bf7 31. Ba4 b5 32. Bc2 Bg6 33. Bb3 Bf7 34. Rc5 Bg8
35. Bc2 Ne7 36. Rxd8 Rxd8 37. Ba5 Ra8 38. Bb4 Bd5 39. h4 Rd8 40. g4 {die
Stellung ist im Lot} Ng8 41. g5 Ne7 42. gxh6 gxh6 43. h5 Kg7 44. Bc3+ Kf7
45. Kf1 Ra8 46. Bd1 Ke6 47. Bd2 Nf5 48. Bf4 Rg8 49. b4 Bc4+ 50. Be2 Bd5 51.
Bd2 Ke5 52. Bd1 Rf8 53. Kg1 Rd8 54. Bc1 Rg8+ 55. Kh2 Ke6 56. Bf4 Kf6 57.
Rc1 e3 58. fxe3 Rg2+ 59. Kh3 Rg1 60. e4 Rh1+ 61. Kg2 Bxe4+ 62. Kf2 Rh3 63.
Ra1 Rh4 64. Bc7 Rh1 65. Bd8+ Ne7 66. Ke3 Bd5 67. Kd2 Rh2+ 68. Kc3 Be6 69.
Rc1 Kf7 70. Bxe7 Kxe7 71. Rc2 Rh4 72. Re2 Rh3+ 73. Kb2 Rg3 74. a4 bxa4 75.
Bxa4 Kd6 76. Rf2 Rg4 77. Rf6 Rxb4+ 78. Ka3 c5 79. Rxh6 {Userentscheid:
Remis} 1/2-1/2
[/pgn]
[pgn]

[Event "Turnier 40 / 120"]
[Site "Wien"]
[Date "2023.02.28"]
[Round "13"]
[White "Mephisto Phönix - Tasc R40 V 2.5 Aktiv - 40 MHZ"]
[Black "MCGE ARM CORTEX M7 - 300 MHZ"]
[Result "0-1"]
[BlackElo "2405"]
[WhiteElo "2401"]

{Analyse ---> Komodo 13.02.} 1. e4 e5 2. Nc3 Nc6 3. Nf3 d6 4. Bb5
{Buchende} Bd7 5. d4 Nge7 {Buchende} 6. dxe5 {Tasc R40 V 2.5 wieder im
Buch} dxe5 {Buchbewertung MCGE: -0,68} 7. Bg5 {Buchende} f6 8. Be3
{Buchbewertung Tasc R40 V 2.5: +0,45 / lt. Komodo steht Weiss etwas besser
mit ca. +0,50} a6 9. Bc4 Bg4 10. a4 {besser ist h3, die Stellung ist im
Lot} Nb4 11. Bb3 Qxd1+ 12. Rxd1 Ng6 13. h3 Bxf3 14. gxf3 Rd8 15. O-O Bd6
16. Kh1 Nh4 17. Rg1 g5 18. Rg3 h6 19. Kg1 Rf8 20. a5? {ein schwacher Zug,
danach steht Schwarz klar besser, Komodo -1,10 mit der Fortsetzung Sc6,
deutlich besser ist Kf1 mit ca. -0,50} f5? {auch nicht gerade das Gelbe vom
Ei, halbiert den Vorteil von Schwarz, Komodo +0,50} 21. exf5 Nxf5 22. Rg4
Be7 23. Ba4+ c6 24. Rxd8+ Kxd8 25. Bb6+? {ein schwacher Zug, der Schwarz
wieder klar in Vorteil bringt, Komodo +1,00 mit der Fortsetzung Kc8,
deutlich besser ist Te4} Kc8 26. Kh1 Nh4 27. f4 exf4?? {ganz schlecht,
verschenkt auf einen Schlag den gesamten Vorteil, Komodo 0,00, nötig war
Txf4 mit ca. +1,10} 28. Rg1 Nf3 29. Rd1 Rf5 30. Kg2 Nh4+ 31. Kg1 {nicht
ideal, besser ist Kf1 mit Ausgleich, Komodo -0,70} Re5 32. Kf1 h5 33. Bb3
Nf3 34. Kg2 g4 35. Ba7? {ein schwacher Zug, deutlich besser ist hxg4,
Komodo -1,20} Ne1+ 36. Kh2 Kc7 37. Bb6+ Kb8 38. Bd4? {ein schlechter Zug,
danach ist die Partie praktisch schon verloren, Komodo -1,70, deutlich mehr
Widerstand leistet Kh1 mit ca. -1,20} Nf3+ 39. Kg2 Rxa5 {ein 2. Mehrbauer
für Schwarz} 40. Bh8 Nh4+ 41. Kh2 Ng6? {klar schwächer als Tf5, Komoda
+1,30} 42. Bg7 gxh3?? {ein grottenschlechter Zug, der nahezu den gesamten
Vorteil verspielt trotz der 2 Mehrbauern ist Schwarz kaum noch im Vorteil,
Komodo nur noch +0,50, nötig war g3+ (das wurde von Tasc R40 auch
vorgeschlagen)} 43. Kxh3? {aber auch der Tasc R40 greift nochmals daneben,
Komodo -1,30, nötig war Se4} f3 44. Bh6? {ein schlechter Zug, danach ist
die Partie praktisch wieder verloren, Komodo -1,80, deutlich besser ist Td7
mit ca. -1,20} Bg5 45. Bg7 Nf4+? {ein schlechter Zug, der den Vorteil von
Schwarz praktisch halbiert, Komodo +1,00, nötig war Tf5} 46. Kh2 Ne2 47.
Kh1 Bf4 48. Ne4?? {ein Verlustzug, danach ist die Partie bereits klar
verloren, Komodo -2,00, nötig war Sxe2 mit ca. -1,00} Nc1? {klar schwächer
als Sd5, Komodo +1,30} 49. Be6? {wieder ein Verlustzug, danach ist die
Partie neuerlich klar verloren, Komodo -2,20, deutlich besser ist Lc4} Nxc2
50. Bc3 Ra1 51. b3 Ra2 52. Bf6 {etwas besser ist noch Td8+, Komodo -3,00}
Ne2 53. Bc4 Ra5 54. Nd2 Bxd2 55. Rxd2 Rf5 56. Rxc2 Rxf6 57. Bxe2 fxe2 58.
Rxe2 Rf3 {die 3 geschlossenen Bauern am Damenflügel setzen sich natürlich
durch gegen den einen Bauern von Weiss, das sollte nur noch eine Formalität
sein, Komodo -4,00} 59. Rb2 Kc7 60. Kg2 Rc3 61. f4 Kd6 62. b4 Ke6 63. Re2+
Kf6 64. Re5 h4 65. Rh5 Rb3 66. Rxh4 Kf5 67. Rh8 Rxb4 {Rest geschenkt} 0-1
[/pgn]
[PGN]